• Antonio Maselli

di Personal Name

Records bibliografici associati: 1

001 - CONTROL NUMBER

  • control field: 761

003 - CONTROL NUMBER IDENTIFIER

  • control field: IT-RoPau

005 - DATE AND TIME OF LATEST TRANSACTION

  • control field: 20130627163133.0

008 - FIXED-LENGTH DATA ELEMENTS

  • fixed length control field: 130627|| aca||aabn | a|a d

040 ## - CATALOGING SOURCE

  • Original cataloging agency: IT-RoPau
  • Transcribing agency: IT-RoPau

100 ## - HEADING--PERSONAL NAME

  • Personal name: Antonio Maselli

670 ## - SOURCE DATA FOUND

  • Source citation: Work cat.: (IT-RoPau)11764: Fornasari E. - Maselli A. 760, Spendi l'amore cowboy. , S.d.
CREDITS: SOCIETA' SAN PAOLO Via A.Severo, 58 - ROMA (RM) & PERIODICI SAN PAOLO SRL Via Giotto, 36 MILANO & CISF Via Giotto, 36 MILANO & EDIZIONI SAN PAOLO SRL,  Piazza Soncino, 5 CINISELLO BALSAMO (MI) -- ITALY